|
|
|
|
| LEADER |
00000cam a2200000 7i4500 |
| 001 |
0000003483 |
| 005 |
20060403.0 |
| 020 |
0 |
0 |
|a 0132626438
|
| 090 |
0 |
0 |
|a 658.4013
|b SUM
|
| 100 |
1 |
0 |
|a Summers, Donna C. S.
|
| 245 |
1 |
0 |
|a Quality management :
|b creating and sustaining organizational effectiveness
|c Donna C.S. Summers.
|
| 260 |
0 |
0 |
|a Upper Saddle River, N.J. :
|b Pearson Prentice Hall ,
|c c2005.
|
| 300 |
|
|
|a xii, 409 p. :
|b ill. ;
|c 25 cm.
|
| 650 |
0 |
0 |
|a Organizational effectiveness.
|
| 650 |
0 |
0 |
|a Quality control
|
| 650 |
0 |
0 |
|a Total quality management.
|
| 999 |
|
|
|a 0000006776
|b Monograph
|c Open Shelf
|e Default branch
|